00480nam a22001577a 4500082002500000100002400025245003700049250000900086260004200095300001300137526003700150650001300187942001200200999001900212952009100231 a691bRAJcL-14, P-22 aRajaraman, S939385 aBuilding materialscS. Rajaraman a9th  aIndiabST. Joseph's Press, Trivandrum a284 p. : a0b0c0d691_000000000000000_RAJ aMCE9379 2ddccBK c549046d549046 00102ddc4070aMCEbMCEd2014-09-15l0o691 RAJpMCE-999r2014-09-15w2014-09-15yBK